Artistes de Tunisie et d'ailleurs (notice n° 7697)
[ vue normale ]
| 000 -Label | |
|---|---|
| leader | 00788cam0a2200241 4500 |
| 010 ## - ISBN | |
| ISBN | 9789973878533 |
| 099 ## - Informations locales | |
| Type de document | Livre |
| 100 ## - Données générales de traitement | |
| a | 20180827d2017 m y0frey50 ba |
| 101 0# - Langue | |
| langue document | français |
| 102 ## - Pays d'édition ou de production | |
| pays d'édition | Tunisie |
| 200 1# - Titre | |
| titre propre | Artistes de Tunisie et d'ailleurs |
| sous-titre | écrits sur l'art contemporain, 1983-2016 |
| auteur | Ali Louati |
| type de document | Livre |
| 210 ## - Editeur | |
| lieu de publication | Tunis |
| nom de l'éditeur | Contraste éditions |
| date de publication | 2017 |
| 215 ## - Description | |
| Importance matérielle | 1 vol. (231 p.) |
| autres carac. | ill. |
| format | 22 cm |
| 606 ## - sujets | |
| numéro de la notice d'autorité | 027280721 |
| sujet | Artistes |
| numéro de la notice d'autorité | 02725349X |
| subdiv. géo. | Tunisie |
| koha internal code | 9729 |
| 606 ## - sujets | |
| numéro de la notice d'autorité | 159095697 |
| sujet | Art |
| subdiv. géo. | Tunisie |
| numéro de la notice d'autorité | 086305646 |
| subdiv. chrono. | 20e siècle |
| koha internal code | 10279 |
| 606 ## - sujets | |
| numéro de la notice d'autorité | 159095697 |
| sujet | Art |
| subdiv. géo. | Tunisie |
| numéro de la notice d'autorité | 050665391 |
| subdiv. chrono. | 2000-.... |
| koha internal code | 12402 |
| 700 #1 - Auteur | |
| N° autorité | 030463920 |
| auteur | Louati |
| prénom | Ali |
| code de fonction | Auteur |
| 801 #3 - source de catalogage | |
| pays | FR |
| agence de catalogage | Abes |
| date de la transaction | 20200312 |
| règles de catalogage utilisées | AFNOR |
| 801 #0 - source de catalogage | |
| agence de catalogage | DLC |
| règles de catalogage utilisées | AACR2 |
| pays | TN |
| date de la transaction | 20250416 |
| 801 #0 - source de catalogage | |
| agence de catalogage | TN |
| règles de catalogage utilisées | 32Bis |
| 830 ## - note | |
| catalogeur | ABA |
| Propriétaire | Dépositaire | Localisation | Code barre | Numéro Inventaire | Cote | Note | Statut |
|---|---|---|---|---|---|---|---|
| The 32bis Library | The 32bis Library | Salle de lecture 32BIS | 005828 | 5449 | 709.174 LOU (1) | dépôt MAB | Consultable sur place |
| The 32bis Library | The 32bis Library | Magasin | 005955 | 5879 | 709.174 LOU (2) | Dépôt MAB | Consultable sur place |
| The 32bis Library | The 32bis Library | Magasin | 006086 | 6013 | 709.174 LOU (3) | FILT | Consultable sur place |